| 000 | 00828nam a2200205Ia 4500 | ||
|---|---|---|---|
| 001 | 3279 | ||
| 003 | GE_BSU | ||
| 008 | 181216s||||||||xx |||||||||||||| ||und|| | ||
| 040 | _cGE_BSU | ||
| 080 | _a678.5 | ||
| 100 | _aЛосев,Б.И. Монина,М.Л. Путинцев,Г.В. | ||
| 245 | _aИспользование пластических масс и синтетических материалов в нефтегазовой промышлености. | ||
| 245 | _cВед. ред. М.М.Новикова. | ||
| 260 | _aМ. | ||
| 260 | _bНедра. | ||
| 260 | _c1962. | ||
| 300 | _a242 стр. с илл. 22 см. | ||
| 653 | _aИспользование пластических масс и синтетических материалов в нефтегазовой промышлености. | ||
| 942 | _cBK | ||
| 999 |
_c37320 _d37320 |
||